| 000 -LEADER |
| fixed length control field |
00812nam a22001817a 4500 |
| 005 - DATE AND TIME OF LATEST TRANSACTION |
| control field |
20231115112006.0 |
| 008 - FIXED-LENGTH DATA ELEMENTS--GENERAL INFORMATION |
| fixed length control field |
231115s1965 ru ||||| |||| 00| 0 rus d |
| 041 ## - LANGUAGE CODE |
| Language code of text/sound track or separate title |
rus |
| 080 ## - UNIVERSAL DECIMAL CLASSIFICATION NUMBER |
| Universal Decimal Classification number |
902/904 В-29 |
| 100 ## - MAIN ENTRY--PERSONAL NAME |
| Personal name |
Ведеников, И. |
| 9 (RLIN) |
20385 |
| 245 ## - TITLE STATEMENT |
| Title |
Клады болгарских земель / |
| Statement of responsibility, etc. |
И. Ведеников.; Перевод с болгарского В.И. Протопопова. |
| 264 ## - PRODUCTION, PUBLICATION, DISTRIBUTION, MANUFACTURE, AND COPYRIGHT NOTICE |
| Place of production, publication, distribution, manufacture |
София: |
| Name of producer, publisher, distributor, manufacturer |
Изд-во лит-ры на иностранных языках, |
| Date of production, publication, distribution, manufacture, or copyright notice |
1965. |
| 300 ## - PHYSICAL DESCRIPTION |
| Extent |
200 стр. |
| Other physical details |
ил. ; |
| Dimensions |
22 см. |
| 653 ## - INDEX TERM--UNCONTROLLED |
| keyword |
ბულგარეთის მიწების საგანძური |
| 653 ## - INDEX TERM--UNCONTROLLED |
| keyword |
არქეოლოგია |
| 700 ## - ADDED ENTRY--PERSONAL NAME |
| Personal name |
Протопопова, В.И. |
| Relator term |
მთარგმნელი |
| 9 (RLIN) |
20386 |
| 942 ## - ADDED ENTRY ELEMENTS (KOHA) |
| Source of classification or shelving scheme |
|
| Koha item type |
წიგნი |